000 00509nam a22001697a 4500
003 CEME
005 20210628203542.0
008 210119b xxu||||| |||| 00| 0 eng d
040 _c.
082 _a297.63 MUH
100 _aMuhammad Saad Ullah, Hafiz
_966207
245 _aNabi karim (pbuh) key aylee zindgee
260 _aLAHORE
_bISLAMIC PUBLICATIONS
_c2003
300 _a400P
650 _aISLAM-BIOGRAPHY-PROPHET MUHAMMAD PEACE BE UPON HIM.NABI KARIM (PBUH) KEY AYLEE ZINDGEE
_966208
942 _cBK
_2ddc
999 _c574208
_d574208